Exact statistical methods for data analysis /

Gespeichert in:
Bibliographische Detailangaben
1. Verfasser: Weerahandi, Samaradasa (Verfasst von)
Format: Buch
Sprache:Englisch
Veröffentlicht: New York : Springer Verlag, 1994
Schlagworte:
Tags: Tag hinzufügen
Keine Tags, Fügen Sie das erste Tag hinzu!

MARC

LEADER 00000nam a22000003a 4500
001 stu9098
005 20150617225803.4
008 960607s1994----xxu-----------------eng-d
020 |a 0-387-94360-9 
040 |a STU  |b slo 
041 0 |a eng 
044 |a xxu 
080 |a 519.23 
084 |a B0240  |2 INS 
100 1 |a Weerahandi, Samaradasa  |4 aut 
245 1 |a Exact statistical methods for data analysis /  |c [aut.] Weerahandi,Samaradasa 
260 |a New York :  |b Springer Verlag,  |c 1994 
300 |a 328 s 
650 7 |a matematická štatistika  |2 stusub 
650 7 |a štatistická analýza  |2 stusub 
996 |b E80638  |c E*80638  |l EE03  |s P  |a 0  |w stu9098_0001